• 首页
  • 本馆介绍
  • 公告通知
  • 最新文献
  • 馆藏检索
  • 电子资源
  • 读者荐购
  • 参考咨询
  • CALIS
  • 我的图书馆
  • 登录
  • 详细信息显示
  • 放入我的书架
  • 预约/预借图书
  • 作者相关作品
  • 分类相关作品
  • 丛书相关作品
  • 出版社相关作品

书目信息

  • 表格格式
  • 工作单格式
  • 卡片格式
题名:
数值计算方法(第三版)
    
 
作者: 李维国 , 聂立新 主编
分册:  
出版信息: 北京   石油工业出版社  2019.9
页数:
开本: 19cm
丛书名:
单 册:
中图分类: O241
科图分类:
主题词: 数值计算--计算方法--高等学校--教材
电子资源:
ISBN: 978-7-5183-3538-1
 
 
 
 
 
000 01053nam0 2200241 450
001 2046984719
005 20201105130313.67
010    @a978-7-5183-3538-1@dCNY32.00
100    @a20200518d2019 em y0chiy0110 ea
101 0  @achi
102    @aCN@b110000
105    @af z 000zy
200 1  @a数值计算方法(第三版)@9Shu Zhi Ji Suan Fang Fa@f李维国,聂立新主编
205    @a3版
210    @a北京@c石油工业出版社@d2019.9
215    @d19cm
330    @a全书详细介绍了科学与工程计算中常用的数值计算方法,突出科学计算的基本思想方法,注重数学软件在科学计算中的基本训练。主要内容包括:数值代数(线性方程组的直接与迭代解法、矩阵特征值问题的计算)、非线性方程与方程组的数值解法、数值逼近(代数插值与函数的最佳逼近)、数值积分与微分、常微分方程数值解法等。每章均附有习题和数值实验习题(包括 MATLAB 软件介绍及其基本数值算法的 MATLAB实现)。
606 0  @a数值计算@x计算方法@x高等学校@j教材
690 0  @aO241@v5
701  0 @a李维国@9Li Wei Guo@4主编
701  0 @a聂立新@9Nie Li Xin@4主编
801  0 @aCN@b(网众)采访数据@c20201010
905    @aZUCC@dO241@eL281
    
    数值计算方法(第三版)/李维国,聂立新主编.-3版.-北京:石油工业出版社,2019.9
    19cm
    
    
    ISBN 978-7-5183-3538-1:CNY32.00
    全书详细介绍了科学与工程计算中常用的数值计算方法,突出科学计算的基本思想方法,注重数学软件在科学计算中的基本训练。主要内容包括:数值代数(线性方程组的直接与迭代解法、矩阵特征值问题的计算)、非线性方程与方程组的数值解法、数值逼近(代数插值与函数的最佳逼近)、数值积分与微分、常微分方程数值解法等。每章均附有习题和数值实验习题(包括 MATLAB 软件介绍及其基本数值算法的 MATLAB实现)。
●
相关链接 在E读中查询图书 在当当中查询图书 在豆瓣中查询图书


正题名:数值计算方法(第三版)     索取号:O241/L281         预约/预借

序号 登录号 条形码 馆藏地/架位号 状态 备注
1 1479106   214791064   自科库401/401自科库 49排2列2层/ [索取号:O241/L281] 在馆    
2 1479107   214791073   自科库401/401自科库 49排2列2层/ [索取号:O241/L281] 在馆    
河南城建学院图书馆 欢迎您!
大连网信软件有限公司© 版权所有